000
00464nam a2200181Ia 4500
008
090124s9999 xx 000 0 und d
082
_b
106356
100
_a
तांबे जे. एल्.
245
_a
अभागी
250
_a
1
260
_c
1957
300
_a
94
600
_a
तांबे जे. एल्.
630
_a
अभागी
700
_a
तांबे जे. एल्.
730
_a
अभागी
942
_c
BOOK
999
_c
152447
_d
152447